Loading...
| Current Events | 2 | 20.00 | 100% | 100% | 0% |
| Fine Arts - Classical Music | 5 | 8.00 | 80% | 0% | 0% |
| Fine Arts - Other | 4 | 12.50 | 100% | 25% | 0% |
| Fine Arts - Painting and Sculpture | 3 | 16.67 | 100% | 33% | 33% |
| Geography | 2 | 15.00 | 100% | 50% | 0% |
| History - American | 4 | 20.00 | 100% | 100% | 0% |
| History - European | 7 | 22.86 | 100% | 71% | 57% |
| History - Other | 5 | 22.00 | 100% | 80% | 40% |
| History - World | 2 | 20.00 | 100% | 100% | 0% |
| Literature - American | 5 | 16.00 | 100% | 60% | 0% |
| Literature - British | 4 | 12.50 | 75% | 50% | 0% |
| Literature - European | 3 | 30.00 | 100% | 100% | 100% |
| Literature - World | 2 | 20.00 | 100% | 100% | 0% |
| Mythology | 4 | 22.50 | 100% | 50% | 75% |
| Philosophy | 6 | 16.67 | 100% | 50% | 17% |
| Pop Culture | 2 | 20.00 | 100% | 100% | 0% |
| Religion | 5 | 16.00 | 100% | 40% | 20% |
| Science - Biology | 5 | 14.00 | 100% | 40% | 0% |
| Science - Chemistry | 5 | 18.00 | 100% | 60% | 20% |
| Science - Other | 5 | 10.00 | 100% | 0% | 0% |
| Science - Physics | 3 | 10.00 | 67% | 33% | 0% |
| Social Science | 5 | 10.00 | 80% | 20% | 0% |